| 000 | 00768nam a2200217Ia 4500 | ||
|---|---|---|---|
| 003 | GCL | ||
| 008 | 140319s9999 xx 000 0 ara d | ||
| 040 |
_aGCL / _cGCL |
||
| 082 | 0 | 4 |
_a823 _bد م |
| 100 | 1 |
_aفخرى لبيب (مترجم) _vActor _@ _٠٠ث٠|
|
| 245 | 1 | 0 |
_aرباعية الاسكندرية : _bماونت اوليف / _cفخرى لبيب (مترجم) |
| 700 | 1 | _aداريل، لورانس | |
| 250 | _aالاولى | ||
| 260 |
_aالكويت : _bدار سعاد الصباح ، _c1992 |
||
| 300 |
_a399 ص ؛ _c18 سم |
||
| 490 |
_aرواية _v0 |
||
| 650 | 0 | 4 | _aالقصة الانجليزية المترجمة |
| 650 | 0 | 4 | _aالادب الانجليزى |
| 650 | 0 | 4 | _aالادب الانجليزى المترجم |
| 942 |
_2ddc _cBK |
||
| 999 |
_c41133 _d41133 |
||